| 000 | 00000nam##2200000za#4500 |
| 001 | 9.643029 |
| 003 | CaOODSP |
| 005 | 20220505163029 |
| 007 | cr ||||||||||| |
| 008 | 150407|2014||||xxc|||||o f|0| 0 fre|d |
| 020 | |a978-0-660-21920-2 |
| 040 | |aCaOODSP|bfre |
| 043 | |an-cn--- |
| 086 | 1 |aHP40-101/2-2014F-PDF |
| 110 | 2 |aAgence de santé publique du Canada. |
| 245 | 10|aAutochtones : |h[ressource électronique]|brésultats du sondage de suivi de 2012 sur les attitudes touchant le VIH/SIDA |
| 260 | |aOttawa - Ontario : |bAgence de santé publique du Canada |cOctobre 2014. |
| 300 | |a2p. |
| 590 | |a15-05|b2015-01-30 |
| 691 | 07|aAutochtones|2gcpds |
| 691 | 07|aSIDA|2gcpds |
| 775 | 08|tAboriginal peoples : |w(CaOODSP)9.699036 |
| 856 | 40|ahttp://publications.gc.ca|qPDF|s122 Ko|uhttps://publications.gc.ca/collections/collection_2015/aspc-phac/HP40-101-2-2014-fra.pdf |
| 986 | |aPub.: 130637 |